000 00939nam a22003017a 4500
003 CHAP
005 20241112062704.0
008 100603s2008 mx r 00010 spa d
010 _a98592
011 _a99564
020 _a9786071200655
035 _a110250
040 _cCHAP
082 1 4 _a630.72
_bC48
245 0 3 _aEl CIIDRI ante la problemática del desarrollo rural
_c/por Manuel Ángel Gómez Cruz ...[et al.]
260 _aChapingo, Méx. :
_bUACH,
_c2008
300 _a98 p.
590 _aBATCH-UPD
_b10
_c20130110
_lUCH01
_h0958
590 _aBATCH-UPD
_b10
_c20130410
_lUCH01
_h0610
590 _aBATCH-UPD
_b10
_c20130914
_lUCH01
_h1157
590 _aCONVERSION
_b10
_c20130109
_lUCH01
_h1354
650 1 4 _aDesarrollo rural.
_932067
700 1 _aGómez Cruz, Manuel Ángel
_949661
901 _aBK
911 _aen proceso
942 _cLIBRO
949 _a630.72 C48
_bBC
_cUACH
_d33724002172736
_eUACH
_gI.c/e
_h112765
_i110250
_sb
999 _c98592
_d98592